| 000 | 01342nam a22002175i 4500 | ||
|---|---|---|---|
| 001 | 155258 | ||
| 003 | ES-MaACL | ||
| 005 | 20250806064055.0 | ||
| 008 | 030121s1876 sp a |||| | spa d | ||
| 040 |
_aCCPB | B _bspa _cCCPB | B |
||
| 100 | 1 |
_aHéraud, A. _9128120 |
|
| 245 | 1 | 0 |
_aNuevo diccionario de las plantas medicinales estudiadas bajo el punto de vista botánico, médico y farmacéutico _b: descripcion, localidades, cultivo, recoleccion, conservacion, parte usada, composicion química, formas farmacéuticas y dósis, accion fisiológica, usos en el tratamiento de las enfermedades, clave dicotómica para el reconocimiento del las familias de plantas, cuadros de las propiedades médicas y memorial terapéutico / _cpor A. Héraud ; traducido y adicionado con los nombres vulgares españoles de las plantas medicinales que se encuentran en España por J.G. Hidalgo. |
| 260 |
_aMadrid : _bMoya y Plaza, libreros editores ; _aParis : _bJ. B. Bailliere é Hijos, _c1876 ( _festablecimiento tipográfico de R. Labajos) |
||
| 300 |
_aLXXVIII, 537 p. : _bil. ; _c22 cm. |
||
| 650 | 7 |
_aPlantas medicinales _2embne _916118 |
|
| 700 | 1 | 1 |
_aHidalgo, J.G., _eed. lit. _9127973 |
| 752 |
_aEspaña - _dMadrid |
||
| 752 |
_aFrancia - _dParís |
||
| 852 |
_aES-MaACL _jA-3143 _z-- Rúst., falto de la cub. ant. |
||
| 999 |
_c155258 _d155258 |
||